TB. OF MIDWIFERY & OBSTETRICS FOR NURSES (Record no. 2162)

MARC details
000 -LEADER
fixed length control field 00359nam a2200145Ia 4500
008 - FIXED-LENGTH DATA ELEMENTS--GENERAL INFORMATION
fixed length control field 150201s2011 xx 000 0 und d
082 ## - DEWEY DECIMAL CLASSIFICATION NUMBER
Classification number 610.7367
Item number M11R
100 ## - MAIN ENTRY--PERSONAL NAME
Personal name RAO, KAMINI
245 ## - TITLE STATEMENT
Title TB. OF MIDWIFERY & OBSTETRICS FOR NURSES
250 ## - EDITION STATEMENT
Edition statement 1ST
260 ## - PUBLICATION, DISTRIBUTION, ETC. (IMPRINT)
Name of publisher, distributor, etc. ELSEVIER
Place of publication, distribution, etc. INDIA
Date of publication, distribution, etc. 2011
300 ## - PHYSICAL DESCRIPTION
Extent 649
650 ## - SUBJECT ADDED ENTRY--TOPICAL TERM
Topical term or geographic name as entry element OBST. & GYNEA.
942 ## - ADDED ENTRY ELEMENTS (KOHA)
Source of classification or shelving scheme Dewey Decimal Classification
Koha item type Books
Koha issues (borrowed), all copies 18
Holdings
Withdrawn status Lost status Source of classification or shelving scheme Damaged status Not for loan Collection code Home library Current library Shelving location Date acquired Source of acquisition Cost, normal purchase price SGTU Bill Number Total Checkouts Full call number Barcode Date last seen Date last checked out Bill Date Koha item type
    Dewey Decimal Classification     NURSING SGT Medical Library SGT Medical Library Text Book 16/07/2013 ABC DELHI 375.00 SGTU 3617 1 610.7367 M11R FN1321 04/01/2022 24/12/2021 16/07/2013 Books
    Dewey Decimal Classification     NURSING SGT Medical Library SGT Medical Library Text Book 16/07/2013 ABC DELHI 375.00 SGTU 3617 21 610.7367 M11R FN1322 09/11/2024 11/10/2024 16/07/2013 Books
    Dewey Decimal Classification     NURSING SGT Medical Library SGT Medical Library Text Book 16/07/2013 ABC DELHI 375.00 SGTU 3617 4 610.7367 M11R FN1323 30/12/2024 14/12/2024 16/07/2013 Books
    Dewey Decimal Classification     NURSING SGT Medical Library SGT Medical Library Text Book 16/07/2013 ABC DELHI 375.00 SGTU 3617 1 610.7367 M11R FN1324 05/08/2019 31/07/2019 16/07/2013 Books
    Dewey Decimal Classification     NURSING SGT Medical Library SGT Medical Library Text Book 16/07/2013 ABC DELHI 375.00 SGTU 3617 2 610.7367 M11R FN1325 16/07/2021 15/07/2021 16/07/2013 Books